Cátedras de integración: convenio Andrés Bello 2

Guardat en:
Dades bibliogràfiques
Autors principals: Canelas Rubim, Antonio Albino (Autor), Ramírez, Socorro (Autor), Romero Fernández, Edgardo (Autor), Walsh, Catherine (Autor), Stahringer, Ofelia Irne (Autor), Vittini G., Iris (Autor), Leyton G., José María (Autor)
Altres autors: González Miranda, Sergio Alberto (autor)
Format: Llibre
Idioma:espanyol
Publicat: Bogotá Convenio Andrés Bello 2006
Matèries:
Etiquetes: Afegir etiqueta
Sense etiquetes, Sigues el primer a etiquetar aquest registre!

MARC

LEADER 00000nam a2200000 a 4500
001 UCI2359
003 CL-VaPUC
008 070817e20060000CK |||||||||||||||||spa|d
020 |a 9586981940 
082 0 4 |a 306.42  |b CAN  |2 21 
100 0 |a Canelas Rubim, Antonio Albino  |e author  |9 523358 
700 |a González Miranda, Sergio Alberto  |e autor  |9 538169 
700 0 |a Ramírez, Socorro  |e author  |9 523360 
700 0 |a Romero Fernández, Edgardo  |e author  |9 523361 
700 0 |a Walsh, Catherine  |e author  |9 523362 
700 0 |a Stahringer, Ofelia Irne  |e author  |9 523363 
700 0 |a Vittini G., Iris  |e author  |9 523364 
700 |a Leyton G., José María  |e author  |9 523345 
245 1 0 |a Cátedras de integración: convenio Andrés Bello 2 
300 |a 359 p 
942 |c BK 
945 |d 20070817 00:00:00  |a jtorresc 
260 |a Bogotá  |b Convenio Andrés Bello  |c 2006 
650 0 |a Política cultural  |9 316492 
650 0 |a Gestión cultural  |9 521696 
650 0 |a Educación superior   |9 223851 
650 0 |a Integración latinoamericana  |9 307692 
651 0 |a América Latina   |9 255027 
583 |a last modification  |c 20070817 00:00:00  |k Rodrigo Vera 
999 |c 326962  |d 326960 
952 |0 0  |1 0  |4 0  |6 306_420000000000000_CAN_2006  |7 0  |8 A  |9 409284  |a BIBHIS  |b BIBHIS  |d 2019-11-22  |i 4364295  |o 306.42 CAN 2006  |p 4364295  |r 2025-01-20  |w 2019-11-22  |y BK  |k HIS 
952 |0 0  |1 0  |4 0  |6 306_420000000000000_CAN_2006  |7 0  |8 A  |9 409285  |a BIBHIS  |b BIBHIS  |d 2019-11-22  |i 4364309  |l 2  |o 306.42 CAN 2006  |p 4364309  |r 2025-01-20  |s 2024-10-03  |w 2019-11-22  |y BK  |k HIS